000 01120cam a2200265 4500
001 2072
003 BD-RjUL
005 20211208233457.0
008 131210t1952 nyub 001 0 eng d
035 _a(BD-RjUL)2099
040 _aAKC
_cAKC
_dOCL
_dZCU
_dBD-RjUL
_beng
041 _aeng
082 _223
_a327.73
_bWIR 1952
100 1 _aWilcox, Francis O.
_q(Francis Orlando),
_d1908-1985,
_96782
245 1 0 _aRecent American foreign policy :
_bbasic documents, (1941-1951) /
_cFrancis O. Wilcox and Thorsten V. Kalijarvi.
260 _aNew York :
_bAppleton-Century-Crofts, Inc. ,
_cc1952
300 _axviii, 927 p. :
_bill. ;
_c24 cm.
500 _aBased on A decade of American foreign policy; basic documents 1941-1949, prepared by the staff of the Committee on Foreign Relations of the U.S. Senate.
504 _aIncludes index.
651 0 _aUnited States
_xForeign relations
_y1933-1945.
_96653
651 0 _aUnited States
_xForeign relations
_y1945-1989.
_96783
700 1 _aKalijarvi, Thorsten V.
_q(Thorsten Valentine),
_d1897-,
_eeditor.
_96784
740 2 0 _aA decade of American foreign policy.
942 _2ddc
_cBK
999 _c2072
_d2072